000 00730nam a2200229Ii 4500
003 JO-AjNU
008 230605s9999||||xx |||||||||||||| ||und||
017 _a2011-2553
020 _a978-977-398-069-4
040 _aJO-AjNU
_bara
_erda
_cJO-AjNU
041 _aara
050 1 4 _aHF 5548 .4 .M525 A286 2009
100 3 _aابو العطا، مجدي محمد,
_eauthor
_944619
245 0 0 _a تيسير Microsoft Office 2007
250 _aط1
264 3 1 _aالقاهرة:شركة عالم الحاسوب، 2009
300 _a692ص
336 _atext
_btxt
_2rdacontent
337 _aunmediated
_bn
_2rdamedia
338 _avolume
_bnc
_2rdacarrier
650 4 _aالحاسبات الالكترونية-برامج 
_944620
999 _aA19279
_c22847
_d22847